000 00355nam a22001457a 4500
003 OSt
005 20160727222407.0
008 160624b xxu||||| |||| 00| 0 eng d
040 _cTest
100 _9887
_aPlutarch
245 _aSelected Lives and Essays
260 _aN.Y
_b Walter J.Black.Inc
_c1951
300 _aSelected Lives and Essays
942 _2ddc
_cBK
999 _c701
_d701